000 02545cam a2200457 i 4500
999 _c9313
_d9313
001 18011218
003 GZU
005 20210611101351.0
008 140117t20132013sa b 001 0 eng c
010 _a 2012526458
020 _a9780702199172 (pbk.)
020 _a0702199176 (pbk.)
035 _a(OCoLC)ocn830293011
040 _aOL$
_beng
_cOL$
_erda
_dYLS
_dOCLCQ
_dYDXCP
_dDLC
042 _apcc
043 _af-sa---
050 0 0 _aKTL2460
_b.M83 2013
100 1 _aMubangizi, John C.,
_eauthor.
245 1 4 _aThe protection of human rights in South Africa :
_ba legal and practical guide /
_cJohn C. Mubangizi, Professor of Law, Deputy Vice-Chancellor and Head of the College of Law and Management Studies, University of KwaZula-Natal.
250 _aSecond edition.
264 1 _aClaremont [South Africa] :
_bJuta,
_c[2013]
300 _aviii, 269 pages ;
_c25 cm
336 _atext
_btxt
_2rdacontent
337 _aunmediated
_2rdamedia
338 _avolume
_2rdacarrier
500 _aDr. Andreas O'Shea updated chapters 7 and 8.
504 _aIncludes bibliographical references (pages 257-261) and index.
505 0 _aIntroduction -- International protection of human rights -- International human rights norms and the South African legal system -- The South African Constitution and human rights -- The South African Bill of Rights : selected civil and political rights -- The South African Bill of Rights : selected social, economic and cultural rights -- Transitional justice for the victims of past human rights violations : the global context / by Andreas O'Shea -- Transitional justice for the victims of past human rights violations in South Africa / by Andreas O'Shea -- The role of non-governmental organisations -- Appendix: the Bill of Rights (Chapter 2 of the South African Constitution, Act 108 of 1996).
610 1 0 _aSouth Africa.
_tBill of Rights.
650 0 _aHuman rights
_zSouth Africa.
650 1 7 _aMensenrechten.
_2gtt
650 1 7 _aRechtsbescherming.
_2gtt
651 7 _aZuid-Afrika.
_2gtt
700 1 _aAndreas O'Shea.
710 1 2 _aSouth Africa.
_tBill of Rights.
776 0 8 _iRevision of:
_aMubangizi, John C.
_tProtection of human rights in South Africa.
_dLansdowne, [South Africa] : Juta, 2004
_z0702167304
_w(DLC) 2005464732
_w(OCoLC)61108742
856 4 1 _3Table of contents only
_uhttp://www.loc.gov/catdir/toc/fy14pdf02/2012526458.html
906 _a7
_bcbc
_cpccadap
_d2
_encip
_f20
_gy-gencatlg
942 _2lcc
_cBK
_e2nd
_h2460
_iMUB
_kKTL
_m2013